00459nam a22001457a 4500041000800000082001700008100004200025245001400067260004100081300000800122650004500130942000700175952011400182999001700296 aENG a297.272bAYA aAyatullah al-uzma Sayyid Ali Khamenei aPalestine aNew DelhibWelayat Publicationc2018 a511 aIslam and politics (ShiĘżah perspective) cBK 00104070aHMIbHMIcGENd2025-12-18eDirectorg260.00l0o297.272 AYAp11004914r2025-12-18w2025-12-18yBK c23681d23681